Planung in Japan

Shranjeno v:
Bibliografske podrobnosti
Glavni avtor: Stolze, Hans-Peter
Format: Knjiga
Jezik:Undetermined
Izdano: Hamburg Deutsch-Japanisches Wirtschaftsburo 1972
Teme:
Oznake: Označite
Brez oznak, prvi označite!
Thư viện lưu trữ: Trung tâm Học liệu Trường Đại học Cần Thơ
LEADER 00473nam a2200181Ia 4500
001 CTU_77732
008 210402s9999 xx 000 0 und d
082 |a 320.6 
082 |b S876 
100 |a Stolze, Hans-Peter 
245 0 |a Planung in Japan 
245 0 |c Hans-Peter Stolze 
260 |a Hamburg 
260 |b Deutsch-Japanisches Wirtschaftsburo 
260 |c 1972 
650 |a Planning 
650 |z Japan 
980 |a Trung tâm Học liệu Trường Đại học Cần Thơ